[Event "XXX Festival A"]
[Site "Arco ITA"]
[Date "2008.10.20"]
[Round "3"]
[White "Cavatorta, Fosco"]
[Black "Diotallevi, Maurizio"]
[Result "0-1"]
[WhiteElo "1923"]
[BlackElo "2101"]
[PlyCount "182"]
[EventDate "2008.10.18"]

1. e4 e6 2. d3 d5 3. Nd2 Nf6 4. Ngf3 Nc6 5. c3 e5 6. Be2 a5 7. O-O Be7 8. Re1
O-O 9. Qc2 Re8 10. Nf1 h6 11. Ne3 Bf8 12. Bd2 d4 13. Nf1 Be6 14. Rec1 Bd6 15.
h3 Nd7 16. N3h2 Qe7 17. Ng3 a4 18. Bg4 Kh7 19. Qd1 Nf6 20. Bxe6 fxe6 21. Ng4
Rf8 22. Nxf6+ Qxf6 23. Qe2 g6 24. Rf1 Qh4 25. Qg4 Qxg4 26. hxg4 Rad8 27. Rad1
g5 28. Ne2 Bc5 29. c4 Ra8 30. a3 Kg6 31. Ng3 Ra6 32. Rb1 Rb6 33. Ne2 Ra8 34. g3
Bd6 35. f4 Ne7 36. f5+ Kf6 37. fxe6+ Kxe6 38. Kg2 Rg8 39. Rfc1 c5 40. Rh1 Rg6
41. Ba5 Ra6 42. Bd2 Kf6 43. Rbf1+ Kg7 44. Rf3 Ng8 45. Rhf1 Nf6 46. Bc1 Ra8 47.
Rf5 Rf8 48. Kh3 Ng8 49. Bd2 b6 50. Ng1 Re6 51. Nf3 Nf6 52. Rb1 Ng8 53. b3 axb3
54. Rxb3 Bc7 55. Bc1 Ra8 56. Rb1 Ne7 57. Nd2 Nxf5 58. exf5 Ree8 59. Ne4 Reb8
60. Bb2 Kf7 61. Bc1 Ra6 62. Kg2 Rd8 63. Kf3 Bd6 64. Bb2 Be7 65. Rh1 Bf8 66. Bc1
Rb8 67. Bxg5 hxg5 68. Rh7+ Ke8 69. Nxg5 b5 70. cxb5 Rxb5 71. Ke4 Be7 72. Ne6
Rxe6 73. fxe6 Ra5 74. Rh8+ Bf8 75. Kf5 Rxa3 76. Kf6 Ra7 77. Kxe5 Rg7 78. Kf6 c4
79. dxc4 d3 80. Kf5 d2 81. Rh1 Bb4 82. g5 Ke7 83. Rd1 Kd6 84. g6 Bc3 85. g4 Kc5
86. g5 Kxc4 87. Ke4 Bb4 88. Kf5 Kd3 89. Rh1 Bf8 90. Kf6 Kc2 91. Rh8 d1=Q 0-1

[Event "XXX Festival A"]
[Site "Arco ITA"]
[Date "2008.10.20"]
[Round "3"]
[White "Collato, Luca"]
[Black "Thonig, Manfred"]
[Result "1-0"]
[WhiteElo "1848"]
[BlackElo "1709"]
[PlyCount "141"]
[EventDate "2008.10.18"]

1. e4 e5 2. f4 exf4 3. Nf3 g5 4. h4 g4 5. Ng5 g3 6. Nxf7 Qe7 7. Nxh8 Qxe4+ 8.
Qe2 Nf6 9. Nc3 Qxe2+ 10. Bxe2 Bg7 11. d3 Bh6 12. Rf1 d6 13. Bxf4 Bg7 14. Bg5
Nbd7 15. Nf7 Kxf7 16. Nd5 c6 17. Nc7 Rb8 18. Bg4 Ne5 19. Bxf6 Bxf6 20. Bh5+ Ke7
21. O-O-O Bxh4 22. d4 Ng6 23. Rde1+ Kd8 24. Rf7 Bg5+ 25. Kb1 Ne7 26. Ne6+ Bxe6
27. Rxe6 h6 28. Rf8+ Kc7 29. Rxb8 Kxb8 30. Rxd6 Nf5 31. Rg6 Nh4 32. Rg8+ Kc7
33. Rf8 Nxg2 34. Rf3 Bh4 35. Rf7+ Kd6 36. Bg4 Be7 37. Bh3 Ne3 38. Rg7 b5 39.
Rxg3 Bg5 40. c3 a5 41. Kc1 Kd5 42. Rf3 Ke4 43. Rf8 Kd3 44. Kb1 b4 45. cxb4 axb4
46. Rb8 Nd5 47. Bg2 Kxd4 48. Bxd5 Kxd5 49. Rxb4 c5 50. Rb8 Kd4 51. Kc2 c4 52.
a4 Kc5 53. Rb5+ Kc6 54. Kc3 Bf6+ 55. Kxc4 Be7 56. Re5 Kd6 57. Rxe7 Kxe7 58. Kd3
Kd6 59. b4 h5 60. Ke3 h4 61. Kf3 Kd5 62. a5 Kc6 63. Kg4 Kb5 64. Kxh4 Ka6 65.
Kg5 Kb5 66. Kf5 Ka6 67. Ke5 Kb5 68. Kd6 Ka6 69. Kc7 Ka7 70. b5 Ka8 71. a6 1-0

[Event "XXX Festival A"]
[Site "Arco ITA"]
[Date "2008.10.20"]
[Round "3"]
[White "De Andres Gonalons, Fernando"]
[Black "Piccoli, Vincenzo"]
[Result "1-0"]
[WhiteElo "2092"]
[BlackElo "1972"]
[PlyCount "37"]
[EventDate "2008.10.18"]

1. d4 Nf6 2. c4 e6 3. Nf3 b6 4. a3 Ba6 5. e3 c5 6. Nc3 cxd4 7. exd4 Be7 8. Be2
O-O 9. O-O d5 10. cxd5 Bxe2 11. Qxe2 Nxd5 12. Qe4 Nc7 13. Bf4 Nd7 14. Qb7 e5
15. Nxe5 Nxe5 16. dxe5 Ne6 17. Rad1 Nxf4 18. Rxd8 Bxd8 19. Qxa8 1-0

[Event "XXX Festival A"]
[Site "Arco ITA"]
[Date "2008.10.20"]
[Round "3"]
[White "De Eccher, Stefano"]
[Black "Tratar, Marko"]
[Result "0-1"]
[WhiteElo "2263"]
[BlackElo "2507"]
[PlyCount "108"]
[EventDate "2008.10.18"]

1. e4 c5 2. c4 Nc6 3. Nc3 g6 4. g3 Bg7 5. Bg2 e6 6. Nge2 Nge7 7. d3 d6 8. h4 h5
9. Bg5 a6 10. a3 Rb8 11. Rb1 b5 12. cxb5 axb5 13. b4 cxb4 14. axb4 Nd4 15. Nxd4
Bxd4 16. Qd2 Qb6 17. O-O f6 18. Bf4 e5 19. Be3 Be6 20. Bxd4 Qxd4 21. Kh2 O-O
22. f4 Kg7 23. Ne2 Qb6 24. Bh3 Bxh3 25. Kxh3 d5 26. fxe5 Qe6+ 27. Kh2 Qxe5 28.
exd5 Nxd5 29. Nf4 Nxf4 30. Rxf4 Ra8 31. Re4 Qd5 32. Re2 Ra3 33. Rd1 Rf7 34. Rf2
Qb3 35. Kg1 Ra4 36. Re2 Rxb4 37. Qc2 Qd5 38. Re4 Rxe4 39. dxe4 Qe5 40. Kg2 Rc7
41. Qd3 b4 42. Kh2 Re7 43. Qd8 Qxe4 44. Rd7 Qe2+ 45. Kg1 Qe1+ 46. Kg2 Qe4+ 47.
Kg1 Kf7 48. Rxe7+ Qxe7 49. Qd5+ Kg7 50. Qb5 f5 51. Qb6 Kf7 52. Kg2 f4 53. Qc6
Qe2+ 54. Kg1 Qe1+ 0-1

[Event "XXX Festival A"]
[Site "Arco ITA"]
[Date "2008.10.20"]
[Round "3"]
[White "Del Nevo, Claudio"]
[Black "Jensen, Leif"]
[Result "1-0"]
[WhiteElo "1898"]
[BlackElo "2036"]
[PlyCount "76"]
[EventDate "2008.10.18"]

1. d4 d5 2. Nf3 c6 3. c3 Bf5 4. Bg5 Nd7 5. e3 Ngf6 6. Bxf6 Nxf6 7. Bd3 Bg6 8.
Ne5 e6 9. Bxg6 hxg6 10. Nd2 Bd6 11. f4 Ne4 12. Nxe4 dxe4 13. Qe2 Qh4+ 14. Qf2
Qxf2+ 15. Kxf2 Bxe5 16. dxe5 Rd8 17. Ke2 Ke7 18. h3 f5 19. Rad1 Rxd1 20. Rxd1
g5 21. fxg5 Rh5 22. Kf2 Rxg5 23. h4 Rh5 24. g3 Rh8 25. Rd4 g5 26. hxg5 Rh2+ 27.
Kg1 Rxb2 28. g6 Rb5 29. Rd8 Rxe5 30. g7 Kxd8 31. g8=Q+ Kd7 32. Qg7+ Kd6 33.
Qxb7 Rb5 34. Qxa7 Rb1+ 35. Kg2 Rb2+ 36. Kh3 Rd2 37. a4 Rd3 38. a5 Rxc3 1-0

[Event "XXX Festival A"]
[Site "Arco ITA"]
[Date "2008.10.20"]
[Round "3"]
[White "Dickhoff, Ronald"]
[Black "Vuelban, Virgilio"]
[Result "0-1"]
[WhiteElo "2175"]
[BlackElo "2390"]
[PlyCount "102"]
[EventDate "2008.10.18"]

1. d4 Nf6 2. c4 g6 3. Nc3 Bg7 4. e4 d6 5. Nf3 O-O 6. Be2 e5 7. Be3 Ng4 8. Bg5
f6 9. Bc1 exd4 10. Nxd4 f5 11. Bxg4 fxg4 12. Be3 Nc6 13. Nxc6 bxc6 14. Bd4 Bh6
15. O-O Be6 16. b3 c5 17. Be3 Bxe3 18. fxe3 Qg5 19. Qd2 g3 20. hxg3 Qxg3 21.
Rxf8+ Rxf8 22. Rf1 Rxf1+ 23. Kxf1 Qh2 24. Qf2 Qh1+ 25. Qg1 Qh5 26. Qf2 Qe5 27.
Qd2 c6 28. Kg1 Kf7 29. Qf2+ Qf6 30. e5 Qxf2+ 31. Kxf2 d5 32. cxd5 cxd5 33. Na4
c4 34. b4 g5 35. Nc5 h5 36. a4 h4 37. b5 g4 38. a5 c3 39. b6 axb6 40. axb6 Bc8
41. Ke2 Kg6 42. e4 d4 43. e6 Kf6 44. e5+ Ke7 45. Ke1 h3 46. gxh3 gxh3 47. Kf2
c2 48. Nd3 Kxe6 49. Kg3 Ke7 50. Kh2 Kd8 51. Kg3 Be6 0-1

[Event "XXX Festival A"]
[Site "Arco ITA"]
[Date "2008.10.20"]
[Round "3"]
[White "Dittmar, Peter"]
[Black "Valenti, Giuseppe"]
[Result "1-0"]
[WhiteElo "2357"]
[BlackElo "2162"]
[PlyCount "93"]
[EventDate "2008.10.18"]

1. b3 e6 2. Bb2 Nf6 3. e3 d5 4. Nf3 Be7 5. c4 c5 6. cxd5 exd5 7. Bb5+ Bd7 8.
Bxd7+ Nbxd7 9. O-O O-O 10. d4 Ne4 11. Nc3 Ndf6 12. Rc1 Rc8 13. dxc5 Rxc5 14.
Nxe4 Nxe4 15. Rxc5 Bxc5 16. Qa1 f6 17. Bd4 b6 18. Rd1 Qd6 19. Qb2 Rd8 20. Qc2
Qe6 21. Qd3 Bd6 22. Bb2 Bb8 23. g3 Qh3 24. Qf1 Qh5 25. Nd4 Re8 26. Qe2 Qf7 27.
Qg4 h5 28. Qh3 Be5 29. Rc1 Nc5 30. Rd1 Ne4 31. Rc1 Nc5 32. Ba1 g6 33. Qf1 h4
34. gxh4 Kg7 35. Qg2 Qd7 36. h5 g5 37. f4 Bxd4 38. Bxd4 g4 39. h3 Kh7 40. hxg4
Rg8 41. g5 fxg5 42. fxg5 Ne4 43. g6+ Kh6 44. Rf1 Kxh5 45. Rf7 Qg4 46. Qxg4+
Kxg4 47. g7 1-0

[Event "XXX Festival A"]
[Site "Arco ITA"]
[Date "2008.10.20"]
[Round "3"]
[White "Fragni, Enrico"]
[Black "Mombelli, Antonio"]
[Result "1-0"]
[WhiteElo "1784"]
[BlackElo "1850"]
[PlyCount "79"]
[EventDate "2008.10.18"]

1. c4 e5 2. Nc3 g6 3. Nf3 Bg7 4. e3 Ne7 5. d4 exd4 6. exd4 O-O 7. Bd3 d5 8. O-O
dxc4 9. Bxc4 c6 10. Bg5 h6 11. Bh4 g5 12. Bg3 Bg4 13. Qd3 Bxf3 14. Qxf3 Qxd4
15. Bb3 Na6 16. Rad1 Qf6 17. Qh5 Rad8 18. Rde1 Rd7 19. h4 gxh4 20. Bxh4 Qf5 21.
Qe2 Ng6 22. Bc2 Qf4 23. Bg3 Qf6 24. Qg4 Rfd8 25. Re2 Kh7 26. Bh4 Qd4 27. Qxd4
Rxd4 28. Bxd8 Rxd8 29. Re7 Nb4 30. Bb1 Rb8 31. Rxf7 a5 32. a3 Nd5 33. Nxd5 cxd5
34. Rd1 d4 35. Rxd4 Kg8 36. Rdd7 Bxb2 37. Bxg6 Rc8 38. Rxb7 Rc1+ 39. Kh2 Be5+
40. f4 1-0

[Event "XXX Festival A"]
[Site "Arco ITA"]
[Date "2008.10.20"]
[Round "3"]
[White "Galas, Franco"]
[Black "Perich, Stefano"]
[Result "0-1"]
[WhiteElo "1541"]
[BlackElo "1960"]
[PlyCount "106"]
[EventDate "2008.10.18"]

1. d4 d5 2. Nf3 Nf6 3. e3 g6 4. c3 Bg7 5. Bd3 b6 6. Nbd2 Bb7 7. b3 O-O 8. Bb2
c5 9. O-O Nfd7 10. Re1 cxd4 11. exd4 Nc6 12. Nf1 Qc7 13. h4 e5 14. dxe5 Ndxe5
15. N1h2 Nxd3 16. Qxd3 Ne5 17. Nxe5 Bxe5 18. Nf3 Bg7 19. Rad1 Rfe8 20. Rxe8+
Rxe8 21. Re1 Re4 22. Qc2 Qf4 23. Kf1 Ba6+ 24. Kg1 Rxe1+ 25. Nxe1 Qxh4 26. Nf3
Qe7 27. Qd2 Bb7 28. Nd4 a6 29. b4 Qe4 30. a3 h5 31. f3 Qe7 32. Qf2 Bh6 33. f4
Qe4 34. g3 h4 35. Kh2 hxg3+ 36. Kxg3 Bc8 37. a4 Qh1 38. f5 Qe4 39. Qf3 gxf5 40.
Qxe4 fxe4 41. Nc6 Bf8 42. Bc1 Bd6+ 43. Kf2 Bd7 44. b5 axb5 45. axb5 Kf8 46. Be3
Bxc6 47. bxc6 Bc7 48. Bg5 f5 49. Ke3 Kf7 50. Kd4 Ke6 51. c4 Be5+ 52. Ke3 d4+
53. Kd2 Kd6 0-1

[Event "XXX Festival A"]
[Site "Arco ITA"]
[Date "2008.10.20"]
[Round "3"]
[White "Garonzi, Martino"]
[Black "Karl, Hans"]
[Result "0-1"]
[WhiteElo "2008"]
[BlackElo "2240"]
[PlyCount "98"]
[EventDate "2008.10.18"]

1. e4 e5 2. Nf3 Nc6 3. d4 exd4 4. Nxd4 Bc5 5. Be3 Qf6 6. c3 Nge7 7. Bc4 d6 8.
O-O Nxd4 9. cxd4 Bb6 10. Nc3 O-O 11. Na4 Be6 12. Nxb6 axb6 13. d5 Bd7 14. Bd4
Qh6 15. f4 b5 16. Bd3 c5 17. dxc6 bxc6 18. Qf3 f5 19. e5 c5 20. exd6 Qxd6 21.
Be5 Qb6 22. Qg3 c4+ 23. Kh1 Ng6 24. Be2 Nxe5 25. fxe5 Bc6 26. Rf4 Be4 27. Bf3
Bxf3 28. Qxf3 Qe6 29. Qe3 Rfe8 30. Qc5 Qxe5 31. Rxf5 Qxc5 32. Rxc5 Rxa2 33. Rb1
Rxb2 34. Rf1 h6 35. h3 Ree2 36. Rc1 Rxg2 37. Rxb5 Rh2+ 38. Kg1 Rxb5 39. Kxh2
Rc5 40. Rc3 Kf7 41. Kg3 Ke6 42. Kf3 Kd5 43. Ke2 Kd4 44. Kd2 Rg5 45. Rf3 Rg2+
46. Kd1 c3 47. Kc1 g5 48. Kd1 Rh2 49. Rg3 Kc4 0-1

[Event "XXX Festival A"]
[Site "Arco ITA"]
[Date "2008.10.20"]
[Round "3"]
[White "Giuriato, Sergio"]
[Black "Vanzan, Alessandro"]
[Result "1-0"]
[WhiteElo "1967"]
[BlackElo "1805"]
[PlyCount "83"]
[EventDate "2008.10.18"]

1. d4 d5 2. c4 c6 3. Nc3 Nf6 4. Nf3 e6 5. e3 Be7 6. Bd3 O-O 7. O-O Nbd7 8. e4
dxe4 9. Nxe4 Nxe4 10. Bxe4 Nf6 11. Bc2 Qc7 12. Bg5 h6 13. Bh4 Ng4 14. Bxe7 Qxe7
15. Qd3 Nf6 16. Ne5 g6 17. Rad1 Kg7 18. Rfe1 Rh8 19. Re3 h5 20. Nxg6 fxg6 21.
Qxg6+ Kf8 22. Rf3 Rh7 23. Rxf6+ Rf7 24. Qh6+ Kg8 25. Rg6+ Rg7 26. Qxh5 Bd7 27.
Rxg7+ Qxg7 28. Qg6 Re8 29. Qxg7+ Kxg7 30. f4 Re7 31. Kf2 Be8 32. g4 Bd7 33. Re1
Rf7 34. Kg3 Kf8 35. Re5 Re7 36. f5 Kf7 37. Kf4 Re8 38. h4 Rg8 39. b3 Rh8 40. h5
Rg8 41. fxe6+ Bxe6 42. Bg6+ 1-0

[Event "XXX Festival A"]
[Site "Arco ITA"]
[Date "2008.10.20"]
[Round "3"]
[White "Grant, Jonathan I.M."]
[Black "Facchetti, Gianni"]
[Result "1-0"]
[WhiteElo "2246"]
[BlackElo "2154"]
[PlyCount "95"]
[EventDate "2008.10.18"]

1. c4 Nf6 2. Nc3 d6 3. Nf3 e5 4. d4 Nbd7 5. e4 Be7 6. Be2 c6 7. h3 Qc7 8. Be3
a6 9. Rc1 O-O 10. O-O Re8 11. Re1 Nf8 12. Bf1 Ng6 13. Qd2 Bd7 14. g3 Reb8 15.
b3 Qd8 16. Qc2 b5 17. Kh2 b4 18. Na4 exd4 19. Nxd4 c5 20. Nf5 Bxa4 21. bxa4 Ne8
22. Rcd1 Qc7 23. Bg2 Ra7 24. f4 Bf8 25. Bc1 Qb6 26. Rd3 Ne7 27. Ne3 Nc7 28. Bb2
Nc6 29. Qd1 Na5 30. Qg4 Re8 31. Red1 g6 32. h4 h5 33. Qf3 Qb8 34. f5 Bg7 35.
Bxg7 Kxg7 36. Rxd6 Kf8 37. Rd7 Kg8 38. Qf4 Nd5 39. Qxb8 Rxb8 40. R1xd5 Rxd7 41.
Rxd7 b3 42. axb3 Rxb3 43. Nd5 Nxc4 44. Ne7+ Kg7 45. Nxg6 Rb2 46. e5 Ne3 47. e6
Nxf5 48. exf7 1-0

[Event "XXX Festival A"]
[Site "Arco ITA"]
[Date "2008.10.20"]
[Round "3"]
[White "Grigore, George-Gabriel"]
[Black "Vezzosi, Paolo"]
[Result "1-0"]
[WhiteElo "2519"]
[BlackElo "2337"]
[PlyCount "47"]
[EventDate "2008.10.18"]

1. d4 Nf6 2. c4 e6 3. Nc3 Bb4 4. Qc2 d5 5. a3 Bxc3+ 6. Qxc3 Ne4 7. Qc2 c5 8.
dxc5 Nc6 9. cxd5 exd5 10. Nf3 Qf6 11. e3 O-O 12. Bd3 Bf5 13. O-O b6 14. Nd4 Bg6
15. cxb6 Nxd4 16. exd4 Qxb6 17. Be3 Rac8 18. Qe2 a5 19. Rac1 Qb3 20. Ba6 Rb8
21. Bf4 Rb6 22. Bc7 Re6 23. Qb5 Nd2 24. Rc3 1-0

[Event "XXX Festival A"]
[Site "Arco ITA"]
[Date "2008.10.20"]
[Round "3"]
[White "Henrichsen, Jens"]
[Black "Sigillo, Carmelo"]
[Result "0-1"]
[WhiteElo "1987"]
[BlackElo "1751"]
[PlyCount "86"]
[EventDate "2008.10.18"]

1. d4 Nf6 2. c4 e5 3. dxe5 Ng4 4. Nf3 Bc5 5. e3 Nc6 6. Nc3 O-O 7. Be2 Ngxe5 8.
Nxe5 Nxe5 9. O-O Re8 10. Kh1 a5 11. f4 Nc6 12. Nd5 Nb4 13. Rf3 Ra6 14. f5 Rd6
15. a3 Nxd5 16. cxd5 Qh4 17. Rf4 Qe7 18. e4 Qe5 19. Rg4 c6 20. Bf4 Qxb2 21.
Bxd6 Bxd6 22. Rb1 Qxa3 23. Rb3 Qc5 24. dxc6 dxc6 25. Rd3 Bc7 26. Qa1 Be5 27.
Qd1 Bc7 28. Qa1 Qe5 29. Qxe5 Bxe5 30. Ra3 b6 31. Rh4 Bf6 32. Rhh3 Bxf5 33. exf5
Rxe2 34. Rhe3 Rxe3 35. Rxe3 Kf8 36. g4 b5 37. Kg2 b4 38. Kf3 a4 39. Kf4 a3 40.
g5 Bd4 41. Re4 c5 42. f6 gxf6 43. gxf6 a2 0-1

[Event "XXX Festival A"]
[Site "Arco ITA"]
[Date "2008.10.20"]
[Round "3"]
[White "Llaneza Vega, Marcos"]
[Black "De Santis, Alessio"]
[Result "1-0"]
[WhiteElo "2485"]
[BlackElo "2263"]
[PlyCount "91"]
[EventDate "2008.10.18"]

1. e4 g6 2. d4 Bg7 3. Nc3 d6 4. Bg5 h6 5. Be3 a6 6. a4 Nd7 7. a5 e6 8. Nge2 Ne7
9. Qd2 b5 10. axb6 Nxb6 11. Nc1 f5 12. f3 Nc6 13. d5 Ne5 14. Bxb6 cxb6 15. Bb5+
Kf7 16. O-O Bb7 17. dxe6+ Kxe6 18. Be2 b5 19. Nb3 Qb6+ 20. Kh1 fxe4 21. fxe4
Rhf8 22. Nd5 Bxd5 23. Qxd5+ Kd7 24. Nd4 Rxf1+ 25. Rxf1 Rf8 26. Qe6+ Kd8 27. Rd1
Rf6 28. Qh3 Ke7 29. Qc8 h5 30. c3 Bf8 31. Ra1 a5 32. Bxb5 Kf7 33. Bc4+ Kg7 34.
b3 Ng4 35. Qe8 Qc5 36. h3 Nf2+ 37. Kg1 Nxh3+ 38. gxh3 Qg5+ 39. Kh1 Qg3 40. Nf5+
Rxf5 41. exf5 Qxh3+ 42. Kg1 Qg3+ 43. Kf1 Qf3+ 44. Ke1 Qxc3+ 45. Ke2 Qb2+ 46.
Kd3 1-0

[Event "XXX Festival A"]
[Site "Arco ITA"]
[Date "2008.10.20"]
[Round "3"]
[White "Marino, Francesco V."]
[Black "Dieli, Riccardo"]
[Result "0-1"]
[WhiteElo "1686"]
[BlackElo "1943"]
[PlyCount "74"]
[EventDate "2008.10.18"]

1. c4 c5 2. Nc3 g6 3. g3 Bg7 4. Bg2 Nf6 5. Nf3 O-O 6. O-O Nc6 7. a3 Re8 8. Rb1
a5 9. d3 d6 10. Bd2 Bd7 11. h3 Qc8 12. Kh2 Nd4 13. Nxd4 cxd4 14. Ne4 Nxe4 15.
dxe4 Bc6 16. b4 axb4 17. axb4 Ba4 18. Qc1 b5 19. c5 dxc5 20. Qxc5 Qxc5 21. bxc5
e5 22. f4 Rac8 23. Rfc1 Rc6 24. Ba5 Bh6 25. f5 Ra6 26. Bb6 Bxc1 27. Rxc1 Bb3
28. Bf3 Ra2 29. Kg1 Bc4 30. Kf1 Kf8 31. h4 Ke7 32. g4 Kd7 33. f6 Rc8 34. g5 Re8
35. Bg4+ Kc6 36. Re1 b4 37. Kf2 b3 0-1

[Event "XXX Festival A"]
[Site "Arco ITA"]
[Date "2008.10.20"]
[Round "3"]
[White "Mazza, Maurizio"]
[Black "Zordan, Diego"]
[Result "0-1"]
[WhiteElo "1765"]
[BlackElo "1846"]
[PlyCount "74"]
[EventDate "2008.10.18"]

1. e4 d6 2. d4 Nf6 3. Nc3 c6 4. Nf3 Bg4 5. Be2 Nbd7 6. Be3 e5 7. d5 Be7 8. O-O
O-O 9. Re1 Re8 10. a4 Qc7 11. Qd2 a6 12. b4 Rac8 13. Ra3 cxd5 14. exd5 Nb6 15.
Qd1 Nc4 16. Rb3 Nxe3 17. fxe3 Qb6 18. Bd3 Rxc3 19. Rxc3 e4 20. Bxe4 Nxe4 21.
Rc4 Bg5 22. Qd3 Bxf3 23. gxf3 Nf6 24. f4 Bh6 25. Kg2 g6 26. Kf3 Qd8 27. Rg1 Qd7
28. a5 Qh3+ 29. Rg3 Qxh2 30. Rg2 Qh5+ 31. Kg3 Qg4+ 32. Kh2 Qh4+ 33. Kg1 Ng4 34.
Re2 Qg3+ 35. Rg2 Qe1+ 36. Qf1 Qxf1+ 37. Kxf1 Nxe3+ 0-1

[Event "XXX Festival A"]
[Site "Arco ITA"]
[Date "2008.10.20"]
[Round "3"]
[White "Moro, Roberto"]
[Black "Giaracuni, Claudio"]
[Result "1-0"]
[WhiteElo "1866"]
[BlackElo "1780"]
[PlyCount "101"]
[EventDate "2008.10.18"]

1. e4 c5 2. Nc3 a6 3. a4 Nc6 4. f4 d6 5. h3 Nf6 6. Nf3 e6 7. Bc4 Be7 8. O-O O-O
9. d3 b6 10. Qe1 Bb7 11. g4 d5 12. exd5 exd5 13. Bb3 Re8 14. Qg3 d4 15. Ne4
Nxe4 16. dxe4 Na5 17. e5 Nxb3 18. cxb3 Qd5 19. Kh2 Qxb3 20. g5 Bxf3 21. Rxf3
Qc2+ 22. Rf2 Qf5 23. Bd2 b5 24. Qf3 b4 25. b3 g6 26. h4 Rec8 27. Rg1 Rab8 28.
Rc1 Re8 29. h5 Kg7 30. Kg3 Rh8 31. h6+ Kf8 32. Re2 Qd7 33. Rce1 Rb6 34. e6 fxe6
35. Qa8+ Bd8 36. Re5 Rc6 37. Rxe6 Rxe6 38. Rxe6 Qxe6 39. Qxd8+ Kf7 40. Qxh8
Qxb3+ 41. Kf2 Qc2 42. Qxh7+ Ke6 43. Qg8+ Kd6 44. Qd8+ Kc6 45. Qe8+ Kd6 46. Qe1
Qd3 47. Kg2 b3 48. h7 b2 49. h8=Q b1=Q 50. Qf6+ Kc7 51. Qee7+ 1-0

[Event "XXX Festival A"]
[Site "Arco ITA"]
[Date "2008.10.20"]
[Round "3"]
[White "Nicolodi, Raoul"]
[Black "Kopischke, Maik"]
[Result "1-0"]
[WhiteElo "1825"]
[BlackElo "1930"]
[PlyCount "97"]
[EventDate "2008.10.18"]

1. Nf3 d5 2. c4 e6 3. b3 Nf6 4. g3 c5 5. Bb2 b6 6. Bg2 Bb7 7. O-O Nc6 8. cxd5
Nxd5 9. d4 cxd4 10. Nxd4 Nxd4 11. Qxd4 Qd7 12. Rd1 f5 13. Nc3 Rd8 14. Nxd5 Bxd5
15. Bxd5 exd5 16. Qe5+ Kf7 17. Rac1 Re8 18. Rxd5 Rxe5 19. Rxd7+ Ke8 20. Rxa7
Rc5 21. Rxc5 bxc5 22. a4 Rg8 23. a5 g5 24. a6 Rg6 25. Be5 Be7 26. Bc7 Rc6 27.
Ba5 h5 28. Ra8+ Kf7 29. a7 Ra6 30. Bb6 Rxb6 31. Rb8 Ra6 32. a8=Q Rxa8 33. Rxa8
Ke6 34. Kg2 Kd5 35. Kf3 Kd4 36. Rb8 g4+ 37. Kg2 Kc3 38. f3 Kd2 39. Re8 Bf6 40.
e4 fxe4 41. fxe4 Kc3 42. e5 Bg5 43. e6 Kxb3 44. Rg8 Bf6 45. Rg6 Bd8 46. Rg7 h4
47. e7 Bxe7 48. Rxe7 hxg3 49. Kxg3 1-0

[Event "XXX Festival A"]
[Site "Arco ITA"]
[Date "2008.10.20"]
[Round "3"]
[White "Paggiaro, Luca"]
[Black "Salati, Paolo"]
[Result "1-0"]
[WhiteElo "2049"]
[BlackElo "1866"]
[PlyCount "71"]
[EventDate "2008.10.18"]

1. e4 Nf6 2. d3 e5 3. Nf3 Nc6 4. Be2 Bb4+ 5. c3 Be7 6. Nbd2 d6 7. O-O O-O 8.
Re1 Re8 9. Nf1 d5 10. Qc2 dxe4 11. dxe4 Bd7 12. Be3 Bd6 13. Rad1 Qe7 14. Ng3 g6
15. Bg5 Nd8 16. Rd2 Ne6 17. Be3 Nf4 18. Bc4 Be6 19. Bxe6 Nxe6 20. Red1 Ng4 21.
Nf1 Red8 22. h3 Nxe3 23. Nxe3 Nf4 24. Nd5 Nxd5 25. Rxd5 c6 26. R5d3 Bc7 27. Qc1
Kg7 28. Qe3 Bb6 29. Qe2 f6 30. Nh4 Rxd3 31. Rxd3 Rd8 32. Qg4 Kf7 33. Rg3 Qc5
34. Rf3 Rd2 35. Qg5 Qe7 36. Qxd2 1-0

[Event "XXX Festival A"]
[Site "Arco ITA"]
[Date "2008.10.20"]
[Round "3"]
[White "Papa, Angelo"]
[Black "Ricci, Alfredo"]
[Result "0-1"]
[WhiteElo "1870"]
[BlackElo "2020"]
[PlyCount "142"]
[EventDate "2008.10.18"]

1. d4 c5 2. d5 Nf6 3. Nc3 g6 4. Nf3 a6 5. a4 Bg7 6. e4 d6 7. Be2 O-O 8. O-O
Nbd7 9. h3 b6 10. Be3 Qc7 11. Qd2 Bb7 12. Bh6 Rad8 13. Bxg7 Kxg7 14. Rad1 h6
15. Bc4 Ne5 16. Nxe5 dxe5 17. Qe2 Ra8 18. Rd2 Ne8 19. Qe3 Nd6 20. Be2 f6 21. f4
Nf7 22. Bg4 Rad8 23. Be6 exf4 24. Qxf4 Qxf4 25. Rxf4 Nd6 26. b3 b5 27. Re2 b4
28. Nd1 Nf7 29. Bxf7 Kxf7 30. Ne3 a5 31. Rd2 Ba6 32. Ng4 Kg7 33. Ne3 e6 34.
Rff2 exd5 35. Nxd5 Rf7 36. e5 fxe5 37. Rxf7+ Kxf7 38. Rf2+ Kg7 39. Nf6 c4 40.
Ne4 cxb3 41. cxb3 Rd1+ 42. Kh2 Bd3 43. Nc5 Bf5 44. g4 Rd5 45. gxf5 Rxc5 46.
fxg6 Kxg6 47. Rf8 Rc2+ 48. Kg1 Rc3 49. Ra8 Rxh3 50. Rxa5 Kf5 51. Rb5 Rxb3 52.
a5 Ra3 53. Rxb4 Rxa5 54. Rb8 e4 55. Rh8 Kg5 56. Kf2 h5 57. Ke3 Re5 58. Rg8+ Kh4
59. Kf4 Re7 60. Rg1 Kh3 61. Ke3 Kh2 62. Rg5 h4 63. Rg6 h3 64. Rg5 Kh1 65. Rg6
h2 66. Rg4 Re8 67. Rg7 Rf8 68. Kxe4 Rf2 69. Ke3 Rg2 70. Rh7 Kg1 71. Ra7 h1=Q
0-1

[Event "XXX Festival A"]
[Site "Arco ITA"]
[Date "2008.10.20"]
[Round "3"]
[White "Pipitone, Antonio"]
[Black "Lapiccirella, Daniele"]
[Result "1/2-1/2"]
[WhiteElo "1997"]
[BlackElo "2179"]
[PlyCount "81"]
[EventDate "2008.10.18"]

1. e4 c5 2. Nf3 e6 3. d4 cxd4 4. Nxd4 Nc6 5. Nc3 a6 6. Be3 Qc7 7. Be2 b5 8. a3
Bb7 9. O-O Rc8 10. f4 Na5 11. Kh1 Nc4 12. Bxc4 Qxc4 13. Qd3 Nf6 14. h3 Be7 15.
Kh2 h5 16. Rfe1 Qxd3 17. cxd3 d6 18. Rac1 Kd7 19. Nf3 Ng4+ 20. Kg3 Nxe3 21.
Rxe3 a5 22. Ree1 h4+ 23. Kf2 Rh5 24. d4 f5 25. e5 g5 26. exd6 Bxd6 27. Ne5+
Bxe5 28. fxe5 Bc6 29. d5 Ba8 30. dxe6+ Kxe6 31. Rcd1 g4 32. Rd6+ Ke7 33. Nd5+
Bxd5 34. Rxd5 gxh3 35. gxh3 Rg5 36. Rxb5 Rg3 37. Rb7+ Ke6 38. Rb6+ Ke7 39. Rb7+
Ke6 40. Rb6+ Ke7 41. Rb7+ 1/2-1/2

[Event "XXX Festival A"]
[Site "Arco ITA"]
[Date "2008.10.20"]
[Round "3"]
[White "Pivovarov, Michail"]
[Black "Acunzo, Domenico"]
[Result "1-0"]
[WhiteElo "1963"]
[BlackElo "1797"]
[PlyCount "95"]
[EventDate "2008.10.18"]

1. e4 e6 2. b3 c5 3. Bb2 Nc6 4. Nf3 d5 5. e5 Nge7 6. Bb5 Bd7 7. O-O Nxe5 8.
Nxe5 Bxb5 9. Re1 Ng6 10. Qf3 Nxe5 11. Bxe5 Bc6 12. Qg4 Qd7 13. d3 O-O-O 14. Nd2
Rg8 15. Bg3 Bd6 16. Nf3 Bxg3 17. hxg3 Qc7 18. b4 cxb4 19. Qxb4 g5 20. a4 h5 21.
Nd4 a6 22. a5 Rg6 23. Nf3 Kb8 24. Ne5 Rg7 25. Ra3 f6 26. Nxc6+ Qxc6 27. Rc3 Qd6
28. Qb2 e5 29. Rb3 Rc8 30. Rb1 Qe7 31. Rb6 Ka8 32. Qb3 d4 33. Qd5 Ka7 34. R1b2
Rc7 35. Qf3 Rf7 36. Qf5 h4 37. g4 Qa3 38. Qe4 Qxa5 39. Qf5 Rxc2 40. Rxb7+ Rxb7
41. Rxc2 Qe1+ 42. Kh2 Qd1 43. Rc6 Qd2 44. Rxf6 Qf4+ 45. Kh3 a5 46. Qe6 Qd2 47.
Qa6+ Kb8 48. Rf8+ 1-0

[Event "XXX Festival A"]
[Site "Arco ITA"]
[Date "2008.10.20"]
[Round "3"]
[White "Prakken, Gerrit"]
[Black "Spornberger, Maximilian"]
[Result "1/2-1/2"]
[WhiteElo "2206"]
[BlackElo "2023"]
[PlyCount "65"]
[EventDate "2008.10.18"]

1. d4 g6 2. Nf3 Bg7 3. c4 Nf6 4. Nc3 O-O 5. e4 d6 6. Be2 e5 7. O-O Nbd7 8. Qc2
Qe7 9. Rd1 c6 10. d5 c5 11. Bg5 h6 12. Bd2 Nh5 13. g3 Nhf6 14. a3 Ne8 15. Rab1
f5 16. Nh4 Qf7 17. exf5 gxf5 18. f4 e4 19. Ng2 Ndf6 20. Ne3 Qg6 21. Kh1 h5 22.
Rg1 Kf7 23. h3 Bh6 24. Rbf1 Rh8 25. b4 b6 26. Ncd1 Ng7 27. Bc3 Bd7 28. Nb2 Rab8
29. Qd2 Nge8 30. a4 Bg7 31. Rg2 Nc7 32. b5 Nfe8 33. Kg1 1/2-1/2

[Event "XXX Festival A"]
[Site "Arco ITA"]
[Date "2008.10.20"]
[Round "3"]
[White "Qendro, Llambi"]
[Black "Astengo, Corrado"]
[Result "1/2-1/2"]
[WhiteElo "2373"]
[BlackElo "2172"]
[PlyCount "29"]
[EventDate "2008.10.18"]

1. d4 d5 2. c4 c6 3. cxd5 cxd5 4. Nf3 Nf6 5. Nc3 Nc6 6. Bf4 a6 7. e3 Bg4 8. Be2
e6 9. O-O Be7 10. Ne5 Bxe2 11. Qxe2 Rc8 12. Rfe1 O-O 13. Nxc6 Rxc6 14. Qd1 Qa5
15. Qb3 1/2-1/2